Emigración y ambiente: apuntes iniciales sobre un tema complejo /
El artículo explora brevemente los aportes de distintos autores a la definición y elaboración analítica de la relación entre los procesos migratorios -específicamente la emigración- y procesos ambientales, principalmente en áreas rurales de países en desarrollo, a través de los siguientes tópicos: a...
Guardado en:
| Hovedforfatter: | |
|---|---|
| Format: | Texto |
| Fag: | |
| Tags: |
Tilføj Tag
Ingen Tags, Vær først til at tagge denne postø!
|
MARC
| LEADER | 00000 a a2200000 04500 | ||
|---|---|---|---|
| 001 | 11715 | ||
| 003 | |||
| 040 | |||
| 100 | |a Adamo, Susana B. | ||
| 245 | |a Emigración y ambiente: |b apuntes iniciales sobre un tema complejo / |c Susana B. Adamo | ||
| 520 | |a El artículo explora brevemente los aportes de distintos autores a la definición y elaboración analítica de la relación entre los procesos migratorios -específicamente la emigración- y procesos ambientales, principalmente en áreas rurales de países en desarrollo, a través de los siguientes tópicos: a) emigración como respuesta a causas ambientales: la potencialidad de la hipótesis del cambio ambiental para explicar procesos de emigración b) categorías de causas: la posibilidad (o no) de aislar y analizar los efectos de los factores ambientales y establecer estructuras de causalidadf, y c) migrantes de la población desplazada por factores ambientales | ||
| 650 | |a INMIGRACION | ||
| 650 | |a MIGRACION | ||
| 650 | |a EMIGRACION | ||
| 650 | |a MIGRACION RURAL RURAL | ||
| 650 | |a DETERIORO AMBIENTAL | ||
| 650 | |a TEORIA SOCIAL | ||
| 650 | |a PERSONAS DESPLAZADAS | ||
| 773 | |g volumen 7, número 29; páginas 143-159 | ||
| 999 | |c 24903 |d 24903 | ||
